000 00542nam a22002177a 4500
999 _c163881
_d163881
001 11157995
003 dpl
005 20190503101524.0
008 190503b ||||| |||| 00| 0 eng d
022 0 _a1016-0744
040 _adpl
082 0 4 _a951.9005
245 0 0 _aKoreana
260 _aSeoul :
_bKorea Foundation
300 _avolumes :
_billustrations, portraits ;
_c28 cm
310 _aQuarterly
651 0 _aKorea
_vPeriodicals.
906 _cserials
942 _2ddc
_cSR
_h951.9005
_mKOR
_s1